000 00519nam a22001577a 4500
003 BDDh-ASL
005 20231015031022.0
008 220926n xx ||||| |||| 00| 0 urd d
040 _aBDDh-ASL
_cBDDh-ASL
041 _aurd
082 _a615.1
_bTIB
245 0 0 _aTibb-e Akbar : / طب اکبر
300 _a604 p. :
_c27 cm.
650 0 _aMedicine, ওষুধ, Ōṣudha চিকিত্সাশাস্ত্র, therapeutic, drug, remedy, cure, physic, prescript, oshudh, oushodh
_93415
942 _2ddc
_cBK
999 _c29319
_d29319